[Event "POL-chT3 Liga Slaska"]
[Site "Poland"]
[Date "2007.03.18"]
[Round "6"]
[White "Matlak, Jacek"]
[Black "Zarychta, Krzysztof"]
[Result "1/2-1/2"]
[WhiteElo "2279"]
[BlackElo "2225"]
[PlyCount "51"]
[EventDate "2007.01.28"]
[EventType "team-swiss"]
[EventRounds "9"]
[EventCountry "POL"]
[SourceTitle "EXT 2011"]
[Source "ChessBase"]
[SourceDate "2010.11.26"]
[SourceVersion "1"]
[SourceVersionDate "2010.11.26"]
[SourceQuality "1"]
[WhiteTeam "Katowice Hetman Szopienice III"]
[BlackTeam "Szopienice HetMaN"]
[WhiteTeamCountry "POL"]
[BlackTeamCountry "POL"]

1. d4 Nf6 2. Nf3 g6 3. g3 Bg7 4. Bg2 0-0 5. 0-0 d6 6. c4 Nc6 7. b3 a6 8. Bb2 Rb8 9. d5 Na5 10. Nbd2 c5 11. Qc2 b5 12. Rab1 e6 13. e4 e5 14. Ne1 Ng4 15. h3 Nh6 16. f4 f6 17. Nd3 Bd7 18. Bc3 b4 19. Bb2 Nb7 20. Kh2 a5 21. Rbe1 a4 22. Nf3 Qe7 23. Bc1 Nf7 24. fxe5 Nxe5 25. Nfxe5 fxe5 26. Rxf8+ 1/2-1/2

[Event "POL-chT3 Liga Slaska"]
[Site "Poland"]
[Date "2007.02.11"]
[Round "3"]
[White "Sroka, Janusz"]
[Black "Zarychta, Krzysztof"]
[Result "1-0"]
[WhiteElo "2110"]
[BlackElo "2225"]
[PlyCount "79"]
[EventDate "2007.01.28"]
[EventType "team-swiss"]
[EventRounds "9"]
[EventCountry "POL"]
[SourceTitle "EXT 2011"]
[Source "ChessBase"]
[SourceDate "2010.11.26"]
[SourceVersion "1"]
[SourceVersionDate "2010.11.26"]
[SourceQuality "1"]
[WhiteTeam "Gliwice Roszada Fluor"]
[BlackTeam "Szopienice HetMaN"]
[WhiteTeamCountry "POL"]
[BlackTeamCountry "POL"]

1. e4 c5 2. Nc3 d6 3. g3 Nc6 4. Bg2 g6 5. d3 Bg7 6. f4 Nf6 7. Nf3 0-0 8. 0-0 Rb8 9. h3 b5 10. Ne2 b4 11. g4 Nd7 12. Kh1 Ba6 13. f5 Rc8 14. Nf4 Nce5 15. fxg6 hxg6 16. Nh2 c4 17. d4 Nc6 18. c3 e5 19. dxe5 Ndxe5 20. Nd5 bxc3 21. bxc3 f6 22. Ba3 Nd3 23. Qa4 Bb7 24. Rab1 Rf7 25. g5 Nce5 26. Nxf6+ Bxf6 27. Rxf6 Bc6 28. Qa6 Nf2+ 29. Kg1 Nxe4 30. Rxf7 Nxf7 31. Re1 d5 32. Bxe4 dxe4 33. Ng4 Nxg5 34. Qxc4+ Kg7 35. Rf1 Nf3+ 36. Kg2 e3 37. Qf4 Nd2+ 38. Kg1 Nf3+ 39. Rxf3 Bxf3 40. Qxf3 1-0

[Event "POL-chT 60th 1st League"]
[Site "Ustron"]
[Date "2004.09.04"]
[Round "1"]
[White "Zarychta, Krzysztof"]
[Black "Fedorchuk, Sergey A"]
[Result "0-1"]
[WhiteElo "2197"]
[BlackElo "2569"]
[PlyCount "35"]
[EventDate "2004.09.04"]
[EventType "team-tourn"]
[EventRounds "9"]
[EventCountry "POL"]
[SourceTitle "EXT 2007"]
[Source "ChessBase"]
[SourceDate "2006.11.23"]
[SourceVersion "1"]
[SourceVersionDate "2006.11.23"]
[SourceQuality "1"]
[WhiteTeam "Katowice Start"]
[BlackTeam "Jaworzno JKSz MCKiS"]
[WhiteTeamCountry "POL"]
[BlackTeamCountry "POL"]

1. e4 c5 2. Nf3 d6 3. d4 cxd4 4. Nxd4 Nf6 5. Nc3 a6 6. Be2 e6 7. 0-0 Qc7 8. Kh1 b5 9. Bd3 Bb7 10. Qe2 Be7 11. a3 Nbd7 12. Bf4 0-0 13. Bd2 Nc5 14. Rae1 Nfd7 15. Nf3 Bf6 16. Be3 g6 17. Ng1 Bh4 18. Qg4 0-1

[Event "POL-ch U18"]
[Site "Leba"]
[Date "2004.04.02"]
[Round "9"]
[White "Zarychta, Krzysztof"]
[Black "Cajbel, Maciej"]
[Result "1/2-1/2"]
[WhiteElo "2199"]
[BlackElo "2210"]
[PlyCount "52"]
[EventDate "2004.03.27"]
[EventType "swiss"]
[EventRounds "11"]
[EventCountry "POL"]
[SourceTitle "EXT 2005"]
[Source "ChessBase"]
[SourceDate "2004.11.15"]
[SourceVersion "1"]
[SourceVersionDate "2004.11.15"]
[SourceQuality "1"]

1. e4 d6 2. d4 Nf6 3. Nc3 Nc6 4. h3 e5 5. d5 Ne7 6. Nf3 g6 7. Be3 Bg7 8. Be2 0-0 9. g4 c6 10. g5 Nh5 11. Qd2 Nf4 12. Bxf4 exf4 13. dxc6 bxc6 14. Bc4 d5 15. exd5 cxd5 16. Nxd5 Nxd5 17. Bxd5 Re8+ 18. Kf1 Rb8 19. Rb1 Rxb2 20. Rxb2 Bxb2 21. c4 Bg7 22. Qxf4 Qd7 23. h4 Bb7 24. Qd2 Bxd5 25. Qxd5 Qg4 26. h5 Qc8 1/2-1/2

[Event "POL-ch U18"]
[Site "Leba"]
[Date "2004.03.29"]
[Round "3"]
[White "Turlej, Lukasz"]
[Black "Zarychta, Krzysztof"]
[Result "1/2-1/2"]
[WhiteElo "2078"]
[BlackElo "2199"]
[PlyCount "38"]
[EventDate "2004.03.27"]
[EventType "swiss"]
[EventRounds "11"]
[EventCountry "POL"]
[SourceTitle "EXT 2005"]
[Source "ChessBase"]
[SourceDate "2004.11.15"]
[SourceVersion "1"]
[SourceVersionDate "2004.11.15"]
[SourceQuality "1"]

1. d4 Nf6 2. c4 e6 3. Nc3 Bb4 4. e3 c5 5. Bd3 Nc6 6. Nf3 Bxc3+ 7. bxc3 d6 8. 0-0 e5 9. Ng5 0-0 10. f4 exd4 11. cxd4 cxd4 12. exd4 h6 13. Nf3 d5 14. Ne5 dxc4 15. Bxc4 Be6 16. Bxe6 fxe6 17. Ba3 Re8 18. Nxc6 bxc6 19. Bc5 Qd5 1/2-1/2

[Event "POL-chT 2nd League"]
[Site "Wysowa"]
[Date "2003.09.13"]
[Round "10"]
[White "Zarychta, Krzysztof"]
[Black "Kolago, Marcin"]
[Result "1/2-1/2"]
[WhiteElo "2127"]
[BlackElo "2274"]
[PlyCount "116"]
[EventDate "2003.09.06"]
[EventType "team-swiss"]
[EventRounds "11"]
[EventCountry "POL"]
[SourceTitle "CBM 096 Extra"]
[Source "ChessBase"]
[SourceDate "2003.10.22"]
[SourceVersion "2"]
[SourceVersionDate "2003.10.20"]
[SourceQuality "1"]
[WhiteTeam "Katowice Start"]
[BlackTeam "Ostroda Kormoran"]
[WhiteTeamCountry "POL"]
[BlackTeamCountry "POL"]

1. e4 e5 2. Nf3 Nc6 3. Bb5 a6 4. Ba4 Nf6 5. 0-0 d6 6. Re1 Be7 7. c3 b5 8. Bb3 0-0 9. h3 Bb7 10. d4 Nb8 11. Nbd2 Nbd7 12. Bc2 Re8 13. Nf1 Nf8 14. Ng3 Ng6 15. Bg5 h6 16. Bd2 Bf8 17. a4 Qd7 18. Qb1 Bc6 19. axb5 axb5 20. Rxa8 Rxa8 21. Rd1 Qc8 22. Be3 Qb7 23. Nd2 Qa6 24. Qc1 Qc8 25. b4 Bd7 26. Kh2 c5 27. Nb3 c4 28. Na5 Nh4 29. dxe5 dxe5 30. Rd2 Nh7 31. Bd1 Be6 32. Be2 Be7 33. Qd1 Nf6 34. f4 exf4 35. Bxf4 Ng6 36. Bd6 Bxd6 37. Rxd6 Kh7 38. Qd4 Ra6 39. Bh5 Rxd6 40. Bxg6+ Kxg6 41. Qxd6 Qd7 42. Qc5 Qd2 43. Qe5 Qg5 44. Qc7 Qh4 45. Nc6 Nxe4 46. Ne7+ Kh7 47. Nxe4 Qxe4 48. Qb8 f6 49. Qxb5 Qf4+ 50. Kg1 Qc1+ 51. Kh2 Qxc3 52. Qc5 Qe5+ 53. Qxe5 fxe5 54. b5 c3 55. b6 c2 56. b7 c1Q 57. b8Q Qg5 58. Qd6 Qf6 1/2-1/2

[Event "POL-chT 2nd League"]
[Site "Wysowa"]
[Date "2003.09.07"]
[Round "2"]
[White "Zarychta, Krzysztof"]
[Black "Karbowiak, Adam"]
[Result "0-1"]
[WhiteElo "2127"]
[BlackElo "2279"]
[PlyCount "120"]
[EventDate "2003.09.06"]
[EventType "team-swiss"]
[EventRounds "11"]
[EventCountry "POL"]
[SourceTitle "CBM 096 Extra"]
[Source "ChessBase"]
[SourceDate "2003.10.22"]
[SourceVersion "2"]
[SourceVersionDate "2003.10.20"]
[SourceQuality "1"]
[WhiteTeam "Katowice Start"]
[BlackTeam "Znin Baszta"]
[WhiteTeamCountry "POL"]
[BlackTeamCountry "POL"]

1. e4 e6 2. d4 d5 3. Nd2 dxe4 4. Nxe4 Bd7 5. Nf3 Bc6 6. Bd3 Nd7 7. 0-0 Ngf6 8. Ng3 Be7 9. Qe2 Bxf3 10. Qxf3 c6 11. c3 0-0 12. Ne4 Re8 13. Re1 Nxe4 14. Bxe4 Nf6 15. Bc2 Qd5 16. Qh3 Bd6 17. Qh4 Qh5 18. Qxh5 Nxh5 19. g3 Nf6 20. Bd2 e5 21. dxe5 Rxe5 22. Rxe5 Bxe5 23. a4 Rd8 24. Rd1 a6 25. Be3 Rxd1+ 26. Bxd1 Kf8 27. f3 Ke7 28. a5 Bc7 29. b4 Be5 30. c4 Bc3 31. Bc5+ Ke6 32. b5 Bxa5 33. bxa6 bxa6 34. Ba4 Nd7 35. Bf2 Kd6 36. Kg2 Bb6 37. Be1 Ne5 38. Bb4+ Bc5 39. Bc3 f6 40. Bb3 Ba3 41. f4 Nd7 42. Kf3 g6 43. h4 f5 44. g4 fxg4+ 45. Kxg4 Bc1 46. c5+ Nxc5 47. Be5+ Ke7 48. Bg8 Nd3 49. Bc7 h6 50. Bc4 Nc5 51. Bb6 Ne6 52. Bxa6 Nxf4 53. Bc4 Nd5 54. Bc5+ Kd7 55. Kf3 Bb2 56. Bd3 Bf6 57. Bxg6 Bxh4 58. Bf5+ Kc7 59. Kg4 Be7 60. Bd4 c5 0-1

[Event "POL-chT U19 35th"]
[Site "Koszalin"]
[Date "2003.07.06"]
[Round "2.32"]
[White "Majcher, Marcin"]
[Black "Zarychta, Krzysztof"]
[Result "0-1"]
[WhiteElo "2054"]
[BlackElo "2127"]
[PlyCount "58"]
[EventDate "2003.07.04"]
[EventType "team-tourn"]
[EventRounds "11"]
[EventCountry "POL"]
[SourceTitle "EXT 2019"]
[Source "ChessBase"]
[SourceDate "2018.10.10"]
[SourceVersion "1"]
[SourceVersionDate "2018.10.10"]
[SourceQuality "1"]
[WhiteTeam "Jaworzno JKSz MCKiS U19"]
[BlackTeam "Katowice Start U19"]
[WhiteTeamCountry "POL"]
[BlackTeamCountry "POL"]

1. e4 c5 2. Nf3 d6 3. d4 cxd4 4. Nxd4 Nf6 5. Nc3 a6 6. Be3 e5 7. Nb3 Be6 8. f3 Be7 9. Qd2 Nbd7 10. g4 Qc7 11. 0-0-0 0-0 12. h4 b5 13. h5 b4 14. Nd5 Bxd5 15. exd5 Rfc8 16. Rh2 a5 17. Kb1 a4 18. Nc1 Ra5 19. Bg5 a3 20. Bd3 axb2 21. Nb3 Nxd5 22. Bxe7 Nc3+ 23. Kxb2 Rxa2+ 24. Kc1 Qa7 25. Qe1 Qa3+ 26. Kd2 Qxb3 27. Rc1 Qd5 28. Qe3 b3 29. g5 b2 0-1

[Event "POL-ch U18"]
[Site "Krynica"]
[Date "2003.??.??"]
[Round "4"]
[White "Dziubinski, Pawel"]
[Black "Zarychta, Krzysztof"]
[Result "0-1"]
[WhiteElo "2080"]
[BlackElo "2180"]
[PlyCount "96"]
[EventDate "2003.??.??"]
[EventType "swiss"]
[EventRounds "11"]
[EventCountry "POL"]
[SourceTitle "EXT 2007"]
[Source "ChessBase"]
[SourceDate "2006.11.23"]
[SourceVersion "1"]
[SourceVersionDate "2006.11.23"]
[SourceQuality "1"]

1. d4 Nf6 2. c4 g6 3. Nc3 Bg7 4. e4 d6 5. h3 0-0 6. Bg5 c6 7. Bd3 a6 8. Nge2 b5 9. 0-0 Nbd7 10. a3 Rb8 11. cxb5 axb5 12. b4 Nb6 13. f4 Be6 14. Kh1 Nc4 15. Bxc4 Bxc4 16. Rf3 Ra8 17. e5 Nd5 18. Nxd5 Bxd5 19. Re3 f6 20. exf6 exf6 21. Bh4 Re8 22. Qd2 Qd7 23. Kh2 Rxe3 24. Qxe3 Re8 25. Qd2 Qf5 26. Nc3 Bc4 27. a4 bxa4 28. Rxa4 Qd3 29. Qxd3 Bxd3 30. Bf2 f5 31. Ra7 Rb8 32. Rd7 d5 33. b5 Bxb5 34. Nxb5 cxb5 35. Rxd5 b4 36. Ra5 b3 37. Ra1 b2 38. Rb1 Kf7 39. Kg1 Ke6 40. Kf1 Kd5 41. Ke2 Kc4 42. Kd2 Kb3 43. d5 Ka2 44. d6 Kxb1 45. d7 Ka2 46. Bb6 Bf6 47. Bc7 Rb3 48. Be5 b1Q 0-1

[Event "POL-ch U18"]
[Site "Krynica"]
[Date "2003.??.??"]
[Round "6"]
[White "Klimaszewski, Dariusz1111"]
[Black "Zarychta, Krzysztof"]
[Result "0-1"]
[WhiteElo "2125"]
[BlackElo "2180"]
[PlyCount "100"]
[EventDate "2003.??.??"]
[EventType "swiss"]
[EventRounds "11"]
[EventCountry "POL"]
[SourceTitle "EXT 2007"]
[Source "ChessBase"]
[SourceDate "2006.11.23"]
[SourceVersion "1"]
[SourceVersionDate "2006.11.23"]
[SourceQuality "1"]

1. e4 c5 2. Nf3 d6 3. d4 Nf6 4. Nc3 cxd4 5. Nxd4 a6 6. Bc4 e6 7. a3 Qc7 8. Ba2 Nc6 9. 0-0 Be7 10. Kh1 0-0 11. f4 Bd7 12. Nf3 b5 13. Qe1 b4 14. axb4 Nxb4 15. Bb3 a5 16. e5 Nfd5 17. Bxd5 Nxd5 18. Nxd5 exd5 19. Nd4 Rfe8 20. Qg3 a4 21. c3 Qc4 22. Be3 a3 23. bxa3 Rxa3 24. Rae1 Qxc3 25. Rf3 Ra1 26. Rff1 Rea8 27. h3 Rxe1 28. Rxe1 Ra3 29. Qf2 h6 30. Kh2 Qd3 31. Qb2 dxe5 32. Qb8+ Kh7 33. Qxe5 Bf6 34. Qxd5 Be6 35. Qc5 Rc3 36. Qb6 Bd5 37. Bf2 Qd2 38. Ne2 Rb3 39. Qc5 Rb2 40. Qe3 Qc2 41. Qg3 Bc4 42. Bd4 Bxe2 43. Bxb2 Qxb2 44. Qe3 Bb5 45. Qe4+ g6 46. Rb1 Qe2 47. Qb4 Bc4 48. Re1 Qf2 49. Kh1 Bd5 50. Rg1 Bd4 0-1

[Event "POL-ch U18"]
[Site "Krynica"]
[Date "2003.??.??"]
[Round "1"]
[White "Zarychta, Krzysztof"]
[Black "Liberadzki, Slawomir"]
[Result "1-0"]
[WhiteElo "2180"]
[BlackElo "2075"]
[PlyCount "77"]
[EventDate "2003.??.??"]
[EventType "swiss"]
[EventRounds "11"]
[EventCountry "POL"]
[SourceTitle "EXT 2007"]
[Source "ChessBase"]
[SourceDate "2006.11.23"]
[SourceVersion "1"]
[SourceVersionDate "2006.11.23"]
[SourceQuality "1"]

1. c4 e5 2. Nc3 Nc6 3. Nf3 g6 4. g3 Bg7 5. Bg2 d6 6. d3 f5 7. 0-0 Nf6 8. Bg5 h6 9. Bxf6 Bxf6 10. Rb1 0-0 11. Nd5 Bg7 12. b4 Ne7 13. Nd2 Kh7 14. Qc2 Rb8 15. b5 b6 16. Rb3 a5 17. bxa6 Bxa6 18. Nb1 Bb7 19. Nxe7 Qxe7 20. Bxb7 Rxb7 21. Nc3 Ra8 22. a4 Rba7 23. Rb4 Qd7 24. Rb5 e4 25. dxe4 Bxc3 26. Qxc3 fxe4 27. f3 e3 28. f4 Qg7 29. Qd3 Rxa4 30. f5 Ra1 31. fxg6+ Qxg6 32. Rbf5 Rxf1+ 33. Kxf1 Rg8 34. h4 Kh8 35. Qd4+ Qg7 36. Rf6 Kh7 37. Qe4+ Kh8 38. Qf4 Kh7 39. Rf7 1-0

[Event "POL-ch sf"]
[Site "Lubniewice"]
[Date "2002.12.08"]
[Round "9"]
[White "Zarychta, Krzysztof"]
[Black "Mickiewicz, Piotr"]
[Result "0-1"]
[WhiteElo "2222"]
[BlackElo "2256"]
[PlyCount "105"]
[EventDate "2002.11.30"]
[EventType "swiss"]
[EventRounds "9"]
[EventCountry "POL"]
[SourceTitle "CBM 091 Extra"]
[Source "ChessBase"]
[SourceDate "2003.01.09"]
[SourceVersion "1"]
[SourceVersionDate "2003.01.09"]
[SourceQuality "1"]

1. c4 g6 2. Nc3 Bg7 3. g3 c5 4. Bg2 Nc6 5. Nf3 Nf6 6. d4 cxd4 7. Nxd4 0-0 8. 0-0 Nxd4 9. Qxd4 d6 10. Qd3 Nd7 11. b3 Nc5 12. Qd2 a5 13. Rb1 Bf5 14. e4 Be6 15. Nd5 Bxd5 16. Qxd5 Qb6 17. Be3 e6 18. Qd2 Rfd8 19. Rfd1 Qb4 20. h4 h5 21. Qe2 Bc3 22. Qc2 Bf6 23. Bf4 Be5 24. Bg5 Rd7 25. f4 Qc3 26. Qxc3 Bxc3 27. Rbc1 Bg7 28. f5 Be5 29. Be3 Rc7 30. fxg6 fxg6 31. Kh2 Rf8 32. Rf1 Rcf7 33. Rxf7 Rxf7 34. Rb1 Nd3 35. Bh3 Rf3 36. Bxe6+ Kg7 37. Bf4 Bxf4 38. gxf4 Nxf4 39. Bc8 b6 40. Rd1 Rd3 41. Rf1 Rd2+ 42. Kg3 Nd3 43. Be6 Ne5 44. Rf2 Rxf2 45. Kxf2 Kf6 46. Bh3 Nc6 47. a3 Nd4 48. b4 axb4 49. axb4 Nc2 50. c5 dxc5 51. bxc5 bxc5 52. Kf3 Ke5 53. Bf1 0-1

[Event "POL-ch sf"]
[Site "Lubniewice"]
[Date "2002.12.02"]
[Round "3"]
[White "Zarychta, Krzysztof"]
[Black "Slaby, Jerzy"]
[Result "0-1"]
[WhiteElo "2222"]
[BlackElo "2364"]
[PlyCount "106"]
[EventDate "2002.11.30"]
[EventType "swiss"]
[EventRounds "9"]
[EventCountry "POL"]
[SourceTitle "CBM 091 Extra"]
[Source "ChessBase"]
[SourceDate "2003.01.09"]
[SourceVersion "1"]
[SourceVersionDate "2003.01.09"]
[SourceQuality "1"]

1. c4 g6 2. Nc3 Bg7 3. g3 Nf6 4. Bg2 0-0 5. Nf3 c6 6. 0-0 d5 7. cxd5 cxd5 8. d4 Ne4 9. Nxe4 dxe4 10. Ne5 Qd5 11. Be3 Nd7 12. Nxd7 Bxd7 13. Qc2 f5 14. Qb3 Qxb3 15. axb3 Bb5 16. Rfe1 Rfd8 17. Rad1 Rac8 18. f3 exf3 19. Bxf3 Rc2 20. d5 Bxb2 21. Bxa7 Ra8 22. Bd4 Ra2 23. Bxb2 Raxb2 24. d6 exd6 25. Rxd6 Bc6 26. Bxc6 bxc6 27. Rd7 Rxe2 28. Rxe2 Rxe2 29. Rc7 Rc2 30. b4 Rc4 31. Kg2 h5 32. h4 Kf8 33. Kf3 Ke8 34. Rb7 Kd8 35. b5 cxb5 36. Rxb5 Ke7 37. Rb6 Rg4 38. Ra6 Kf7 39. Rb6 f4 40. gxf4 Rxh4 41. Ra6 Rh1 42. Rb6 Re1 43. Kg3 Re6 44. Rb5 Ra6 45. Rb3 Kf6 46. Rc3 Rd6 47. Ra3 Kf5 48. Rb3 Ke4 49. Rb4+ Rd4 50. Rb6 Rd3+ 51. Kh4 Kf5 52. Rb5+ Kxf4 53. Rb4+ Kf3 0-1